000 00671nam a2200265Ia 4500
001 5678
005 20240113233843.0
007 ta
008 050622s1970 g b000 u hin u
020 _cPB
040 _aCotton College Assam
041 _ahin
082 _a891.433
_bR 137 Sr
100 _aYadav, Rajendra .
245 0 _aShreshtha Kahaniyan /
_cRajendra Yadav.
_hTextual Documents
250 _a3rd ed. /
260 _aDelhi :
_bRajpal & Sons ,
_c1970.
300 _a118p. ;
_c18cm.
653 _aHindi Short Stories
653 _aShort Stories-Hindi
653 _aGen-Hindi
942 _2ddc
_cBK
999 _c5665
_d5665